000 00888nam a2200217 a 4500
005 20140412111421.0
008 080103s19uu xx 00 eng d
020 _a0-439-56988-5
050 _aTR(PS E
_bWi64 2003
100 _aStamper,, Judith Bauer
245 _aThe wild leaf ride /
_cwritten by Judith Stamper; illustrations by Carolyn Bracken.
250 _a1st Edition
260 _aNew York :
_bScholastic Inc,
_cc 2003.
300 _a1v.unp.: col. ill.; 23cm
440 _aScholastic reader. Level 2
500 _a" Based on the magic school bus books written by Joanna Cloe and Illustrated by Bruce Degan" -- T.P. Verso.
520 _aMiss Frizzle's class is stuck in a tree. It's time for a wild leaf ride as with the help of the magic school bus they learn all about leaves.
650 _aLeaves
_xJuvenile literature
650 _aLeaves
_xFiction
999 _c106011
_d106011